000 00836nam a2200241 a 4500
001 55974
003 BD-RjUL
005 20211209080334.0
008 161124s1982 bg ||||| |||| 00| 0 ben d
020 _c: IRs 50.00
035 _a(BD-RjUL) 56098
040 _aBD-RjUL
_bben
_cBD-RjUL
041 _aben
082 _223
_a891.442
_bSAR 1982
100 _aশাইখ, আসকার ইবনে
_9126066
245 1 0 _aরাজ্য-রাজা-রাজধানী /
_cআসকার ইবনে শাইখ
250 _a১ম সং .
260 _aঢাকা :
_bইসলামিক ফাউন্ডেশন্স,
_c১৯৮২
300 _a৫২৩ পৃ. ;
_c১৭ সেমি .
650 _aবাংলা নাটক
_9166619
650 _aBengali Drama
_9166620
942 _2ddc
_cBK
999 _c55974
_d55974